Statistics for Former European Flags

Click here to take the quiz!

General Stats

  • This quiz has been taken 95 times
  • The average score is 12 of 20

Answer Stats

Answer % Correct
Soviet Union
98%
Nazi Germany
95%
East Germany
94%
Austria-Hungary
94%
Yugoslavia
91%
Bulgaria
86%
Portugal
80%
Prussia
76%
Greece
76%
Macedonia
74%
Holy Roman Empire
64%
Georgia
52%
Republic of Venice
51%
Belarus
47%
Kingdom of the Two Sicilies
20%
Free City of Danzig
20%
Kalmar Union
20%
Habsburg Monarchy
20%
State of the Teutonic Order
16%
Wallachia
13%

Score Distribution

Percentile by Number Answered

Percent of People with Each Score

Your Score History

You have not taken this quiz